000 01331cab a22002535a 4500
001 L140812
008 071012s2007 xxk 000 0 eng d
035 _a(Sirsi) u140812
041 0 _aeng
100 1 _aChamberlain, Oliver
245 0 0 _aBlowing in the wind
_bthe attraction of wind farm developments
260 _c2007
490 _aLovells Real Estate Quarterly
_vSeptember 2007, 2-5(4)
520 _aReviews environmental and commercial considerations affecting wind farm developments. Wind farms are becoming more popular as UK electricity suppliers are required to make increasing use of renewable sources. Covers potential problems such as visual impact, noise pollution, electromagnetic interference and the impact on wildlife. Considers the requirements for planning permission and other documentation issues surrounding their construction. Describes planning permission, leasehold and other development issues.
590 _aKA
650 2 4 _aELECTRICITY ACT 1989 S36
650 2 4 _aTOWN AND COUNTRY PLANNING (ENVIRONMENTAL IMPACT ASSESSMENT) REGULATIONS 1999
651 4 _aUnited Kingdom
_y
690 _aENVIRONMENTAL AND LAND CONSULTANCY-ENERGY-RENEWABLE ENERGY
690 _aPROPERTY-INFRASTRUCTURE-INFRASTRUCTURE DEVELOPMENT
700 1 _aRoberts, Nicholas
700 1 _aDuCroz, Victoria
942 _n0
999 _c79352
_d79352